LEADER 01171nas a2200241 i 4500 001 000000163089 003 CaOOAMICUS 005 20080128000000.0 008 070717b2007 it uu u0 0mul r 013 $a140453 040 $aSeMil$bita 245 10$aInquirere Veritatem :$bstudi in memoria di mons. Antonio Masetti Zannini [1. parte] /$ca cura di Gabriele Archetti,. 260 $aBrescia :$bAssociazione per la storia della Chiesa Bresciana,$c2007. 300 $a590 p. :$bill., tabelle ;$c24 cm. 500 $aContiene : Pubblicazioni [di mons. Antonio Masetti Zannini]. 700 1 $aArchetti, Gabriele.$0(OLS)http://semarc/name/42749 700 1 $aMasetti Zannini, Antonio .$0(OLS)http://semarc/name/61823 774 0 $t[vedi periodico].$w()266943 850 $aSeMil 852 $aSeMil$W1$xVenegono$y1$m204 5 71$j114405$B114405$CSeMilBibl$Z2$F130874 $85 961 $aCambio: Scuola Cattolica 996 $6245$aInquirere Veritatem :$bstudi in memoria di mons. Antonio Masetti Zannini [1. parte]$9(OLS)http://semarc/title/232686 996 $6260$aBrescia :$bAssociazione per la storia della Chiesa Bresciana$9(OLS)http://semarc/publisher/35147 LEADER 01194nam a2200253 i 4500 001 000000185177 003 CaOOAMICUS 005 20100128000000.0 008 100128s1913 fr u000 u fre u 013 $a163173 040 $aSeMil$bita 100 1 $aManning, Henry Edward .$0(OLS)http://semarc/name/20734 245 10$aQuand le soir tombe... ou Pensées du soir /$cdu Cardinal Manning ; traduit de l'anglais par Marie-Julia Le Riche ; préface de Monsieur Georges Goyau. 250 $a2. éd. 260 $aParis :$bG. Beauchesne,$c1913. 300 $aXVI, 121 p. ;$c18 cm. 650 4$aCristianesimo - Meditazioni.$0(OLS)http://semarc/subject/1977 650 4$aManning, Henry Edward - Meditazioni.$0(OLS)http://semarc/subject/34966 700 1 $aGoyau, Georges <1869-1939>.$0(OLS)http://semarc/name/7044 700 1 $aLe Riche, Marie-Julia.$0(OLS)http://semarc/name/68031 850 $aSeMil 852 $aSeMil$W1$xVenegono$y1$m2X I 259$j135868$B135868$CSeMilBibl$Z2$F147419 $81 996 $6245$aQuand le soir tombe... ou Pensées du soir$9(OLS)http://semarc/title/266012 996 $6260$aParis :$bG. Beauchesne$9(OLS)http://semarc/publisher/35308